000 00311nam a22001457a 4500
008 180918b xxu||||| |||| 00| 0 eng d
020 _a9781416025818
041 _aeng
080 _a579
082 _a579
100 _a11
101 _aMIK
245 _aDiagnosis microbiology
_cMahon,C.R
942 _2udc
_cBK
999 _c47963
_d47963